000 00313nam a22001337a 4500
008 170922b xxu||||| |||| 00| 0 eng d
020 _a0873523792
041 _aeng
080 _23RD
_a37
100 _a46
101 _aARK
245 _aMLA HANDBOOK FOR WRITERS OF RESEARCH PAPERS
_cGIBALDI,J
942 _2udc
_cBK
999 _c29013
_d29013